|
|
|
|
| LEADER |
00000nam a2200000 a 4500 |
| 001 |
vtls001355457 |
| 003 |
SK-MaSNL |
| 005 |
20260301114929.0 |
| 008 |
240313s1998 xo abp r yy 0 slo |
| 015 |
|
|
|a SNBA1999/05-01560
|
| 020 |
|
|
|a 807162215X
|
| 035 |
|
|
|a SNK000308920
|
| 035 |
|
|
|a urn:nbn:sk:snk-amkix7
|
| 035 |
|
|
|a urn:nbn:sk:snk-am008hkl
|
| 035 |
|
|
|a 04B664EA-9457-4718-BCE4-411FE583B131
|
| 040 |
|
|
|a SNK
|b slo
|c SNK
|e AACR2
|
| 041 |
0 |
|
|a slo
|
| 044 |
|
|
|a xo
|c SK
|
| 080 |
|
|
|a 23/28(091)
|2 1981
|
| 100 |
1 |
|
|a Judák, Viliam,
|d 1957-
|4 aut
|9 226448
|
| 245 |
1 |
0 |
|a Kristova Cirkev na ceste
|b ilustrované cirkevné dejiny
|c Viliam Judák
|
| 260 |
|
|
|a Trnava
|b Spolok sv. Vojtecha
|c 1998
|
| 300 |
|
|
|a 334 s.
|b fareb. fotogr., mp., tab.
|c 25 cm
|
| 504 |
|
|
|a Men. reg.
|
| 650 |
0 |
7 |
|a dejiny kresťanstva
|x monografie
|2 SNK
|9 64647
|
| 650 |
0 |
7 |
|a cirkevné dejiny
|x monografie
|2 SNK
|9 64648
|
| 655 |
|
7 |
|a príručky
|2 SNK
|9 74364
|
| 919 |
|
|
|a 80-7162-215-X
|
| 958 |
|
|
|a OND
|
| 958 |
|
|
|a TL
|
| 958 |
|
|
|a NT
|
| 999 |
|
|
|c 720288
|d 722218
|
| 952 |
|
|
|t P60, <03>, [BOOK], {603}
|a SNK
|b SNK
|y PREZ
|7 0
|p 17A0181549
|o snkSC 97886
|i snkKSP 1685/99
|0 0
|1 0
|4 0
|d 1999-02-18
|f 1
|l 0
|r 2025-09-17 00:00:00
|w 2026-02-23
|
| 952 |
|
|
|t P60, <04>, [BOOK], {604}
|a SNK
|b SNK
|y VYP
|7 0
|p 17A0181548
|o snkSC 97886 D1
|i snkKSP 1686/99
|0 0
|1 0
|4 0
|d 1999-02-18
|l 0
|r 2005-01-02 00:00:00
|w 2026-02-23
|